000 01397cam a2200313Ma 4500
001 85535
005 20230410105612.0
008 090112s2009 mau b 001 0 eng d
010 _a 2009000802
035 _a(OCoLC)ocn517440054
040 _aLVB
_bfre
_cLVB
020 _a9781422177709 (hardcover : alk. paper)
020 _a142217770X (hardcover : alk. paper)
035 _a(OCoLC)517440054
050 1 4 _aHD 30.28
_bW484s 2009
082 0 0 _a658.4/012
082 0 0 _a338
100 1 _aWerbach, Adam.
245 1 0 _aStrategy for sustainability :
_ba business manifesto /
_cAdam Werbach.
260 _aBoston, Mass. :
_bHarvard Business Press,
_cc2009.
300 _a226 p. ;
_c24 cm.
504 _aBibliogr.
505 8 _aA different way to formulate your business strategy -- Mapping your opportunities : an analysis of society, technology, and resources (STaR) -- Setting your North Star and initiating the TEN cycle : the tools of implementation -- Using transparency to execute your strategy : open up your business for scrutiny -- Engaging individuals : people want to help -- The network of sustainability partners : a company cannot execute its strategy alone -- Leadership at all levels : inspiration as a leadership technique.
650 6 _aPlanification stratégique.
650 6 _aDéveloppement durable.
942 _2lcc
_cbk
994 _aC0
_bDRFGD
946 _almm
999 _c40105
_d40105